[Event "Tradewise Gibraltar Chess Festival 2013"]
[Site "Gibraltar ENG"]
[Date "2013.01.28"]
[Round "7.88"]
[White "Linhart, Wolfgang"]
[Black "Canonne, Antoine"]
[Result "1/2-1/2"]
[WhiteElo "2130"]
[BlackElo "2002"]
[PlyCount "55"]
[EventDate "2013.01.22"]
[EventType "swiss"]
[EventRounds "10"]
[EventCountry "ENG"]
[Source "lmi"]
[SourceDate "2013.01.22"]

1. d4 Nc6 2. Nf3 d5 3. e3 Bg4 4. Bb5 e6 5. Nbd2 Nf6 6. O-O Bd6 7. c4 O-O 8.
Bxc6 bxc6 9. Qc2 Bf5 10. Qa4 c5 11. a3 cxd4 12. exd4 Ne4 13. c5 Be7 14. Nxe4
Bxe4 15. Ne5 f6 16. Nc6 Qe8 17. Nxe7+ Qxe7 18. Bf4 e5 19. Bg3 Qe8 20. Qd1 c6
21. Re1 Qg6 22. Rc1 exd4 23. Qxd4 f5 24. f3 Bxf3 25. gxf3 f4 26. Kg2 fxg3 27.
hxg3 Rfe8 28. Qd2 1/2-1/2

[Event "Tradewise Gibraltar Chess Festival 2013"]
[Site "Gibraltar ENG"]
[Date "2013.01.28"]
[Round "7.89"]
[White "Ramdewar, Ishan"]
[Black "Wiedersich, Jens"]
[Result "0-1"]
[WhiteElo "1658"]
[BlackElo "2120"]
[PlyCount "46"]
[EventDate "2013.01.22"]
[EventType "swiss"]
[EventRounds "10"]
[EventCountry "ENG"]
[Source "lmi"]
[SourceDate "2013.01.22"]

1. d4 Nf6 2. c4 c5 3. d5 b5 4. cxb5 a6 5. f3 d6 6. e4 g6 7. Nc3 Bg7 8. bxa6 O-O
9. Rb1 Nxa6 10. Bc4 Nd7 11. Nge2 Ne5 12. Bb5 Nc7 13. Ba4 Ba6 14. O-O Qb8 15.
Bg5 f6 16. Bh4 Qa7 17. Bc2 Bh6 18. f4 Ng4 19. Qc1 Nb5 20. Rf3 Nd4 21. Rg3 Bxe2
22. h3 Ne5 23. Re3 Bxf4 0-1

[Event "Tradewise Gibraltar Chess Festival 2013"]
[Site "Gibraltar ENG"]
[Date "2013.01.28"]
[Round "7.90"]
[White "Dasaolu, Rotimi"]
[Black "Suez-Panama, Gilles"]
[Result "1/2-1/2"]
[WhiteElo "2115"]
[BlackElo "1989"]
[PlyCount "111"]
[EventDate "2013.01.22"]
[EventType "swiss"]
[EventRounds "10"]
[EventCountry "ENG"]
[Source "lmi"]
[SourceDate "2013.01.22"]

1. e4 e6 2. d4 d5 3. Nd2 Nf6 4. e5 Nfd7 5. Bd3 c5 6. c3 Nc6 7. Ne2 cxd4 8. cxd4
f6 9. exf6 Qxf6 10. Nf3 h6 11. a3 Bd6 12. O-O O-O 13. Be3 Rf7 14. Rc1 Nf8 15.
Ng3 Bd7 16. Qd2 Be8 17. Rfe1 Rc7 18. b4 a6 19. Qb2 b5 20. Bd2 Nd7 21. Bc3 Nb6
22. Qe2 Nd8 23. Ne5 Rac8 24. Bd2 Rxc1 25. Bxc1 Bxe5 26. dxe5 Qh4 27. Be3 Nc4
28. Bc5 Nc6 29. Qf3 Bd7 30. Bd6 Nd4 31. Qd1 Nb2 32. Qd2 Nxd3 33. Qxd3 Rc4 34.
Rf1 Qf4 35. Qg6 Rc1 36. Qxg7+ Kxg7 37. Nh5+ Kf7 38. Nxf4 Rxf1+ 39. Kxf1 Nc2 40.
Ke2 Nxa3 41. Kd3 Nc4 42. f3 Nxd6 43. exd6 Kf6 44. Ke3 Ke5 45. Ng6+ Kxd6 46. Kd4
Be8 47. Ne5 h5 48. h4 Ke7 49. Ke3 Kf6 50. Kf4 Bg6 51. Nd7+ Ke7 52. Nc5 Kd6 53.
Nb7+ Kc7 54. Nc5 Kd6 55. Nb7+ Kc7 56. Nc5 1/2-1/2

[Event "Tradewise Gibraltar Chess Festival 2013"]
[Site "Gibraltar ENG"]
[Date "2013.01.28"]
[Round "7.91"]
[White "Cawley, Paul F"]
[Black "Tranter, Stephen"]
[Result "1/2-1/2"]
[WhiteElo "2113"]
[BlackElo "1938"]
[PlyCount "62"]
[EventDate "2013.01.22"]
[EventType "swiss"]
[EventRounds "10"]
[EventCountry "ENG"]
[Source "lmi"]
[SourceDate "2013.01.22"]

1. d4 Nf6 2. Nf3 b6 3. Bf4 Bb7 4. e3 Nh5 5. Bg3 Nxg3 6. hxg3 e6 7. Bd3 g6 8.
Nbd2 d6 9. c3 f5 10. Qe2 d5 11. Ne5 Bg7 12. Nxg6 hxg6 13. O-O-O Nd7 14. g4 Qf6
15. gxf5 exf5 16. g4 O-O-O 17. Rhg1 Rdg8 18. a4 c5 19. a5 c4 20. Bc2 Rf8 21. f4
Rf7 22. axb6 Nxb6 23. gxf5 gxf5 24. Rg5 Kb8 25. Rxf5 Qe6 26. Rg5 Bf8 27. Rdg1
Re7 28. Re5 Qd7 29. Nf3 Qb5 30. Rgg5 Na4 31. Bxa4 Qxa4 1/2-1/2

[Event "Tradewise Gibraltar Chess Festival 2013"]
[Site "Gibraltar ENG"]
[Date "2013.01.28"]
[Round "7.92"]
[White "Gieritz, Dietmar"]
[Black "Pribyl, Jaroslav"]
[Result "1-0"]
[WhiteElo "2112"]
[BlackElo "1932"]
[PlyCount "57"]
[EventDate "2013.01.22"]
[EventType "swiss"]
[EventRounds "10"]
[EventCountry "ENG"]
[Source "lmi"]
[SourceDate "2013.01.22"]

1. Nf3 Nf6 2. g3 g6 3. Bg2 Bg7 4. O-O d5 5. d4 O-O 6. c4 c6 7. Nc3 dxc4 8. a4
Na6 9. h3 Nd5 10. e4 Ndb4 11. Be3 Nd3 12. Qe2 Be6 13. Rfd1 Qa5 14. Ng5 Rfd8 15.
Nxe6 fxe6 16. Qg4 Nc7 17. e5 Nxb2 18. Rdc1 Nd3 19. Rc2 Rf8 20. Ne4 b5 21. Ng5
Ne1 22. Bd2 Nxc2 23. Bxa5 Nxa1 24. Bxc7 Nb3 25. Qxe6+ Kh8 26. Bxc6 Nxd4 27.
Nf7+ Rxf7 28. Qxf7 Nxc6 29. Qd5 1-0

[Event "Tradewise Gibraltar Chess Festival 2013"]
[Site "Gibraltar ENG"]
[Date "2013.01.28"]
[Round "7.93"]
[White "Becham, Khalid"]
[Black "Mckenna, Jason P"]
[Result "1-0"]
[WhiteElo "1929"]
[BlackElo "2110"]
[PlyCount "41"]
[EventDate "2013.01.22"]
[EventType "swiss"]
[EventRounds "10"]
[EventCountry "ENG"]
[Source "lmi"]
[SourceDate "2013.01.22"]

1. e4 g6 2. d4 Bg7 3. Nc3 d6 4. f4 Nf6 5. Nf3 O-O 6. e5 Nfd7 7. h4 c5 8. h5
cxd4 9. hxg6 dxc3 10. gxf7+ Rxf7 11. Bc4 e6 12. Ng5 Nf8 13. Qh5 Qe7 14. exd6
Qf6 15. b3 Rd7 16. Nxe6 Nxe6 17. Qe8+ Bf8 18. Bxe6+ Kg7 19. f5 Rd8 20. Qh5 Qe5+
21. Kf2 1-0

[Event "Tradewise Gibraltar Chess Festival 2013"]
[Site "Gibraltar ENG"]
[Date "2013.01.28"]
[Round "7.94"]
[White "Karlsson, Jorgen"]
[Black "Lochte, Szilvia"]
[Result "1-0"]
[WhiteElo "2165"]
[BlackElo "1923"]
[PlyCount "97"]
[EventDate "2013.01.22"]
[EventType "swiss"]
[EventRounds "10"]
[EventCountry "ENG"]
[Source "lmi"]
[SourceDate "2013.01.22"]

1. Nf3 Nf6 2. c4 e6 3. g3 Be7 4. Bg2 O-O 5. O-O d5 6. b3 c5 7. e3 Nc6 8. Bb2
dxc4 9. bxc4 Qb6 10. Qb3 Qc7 11. Na3 a6 12. d4 Rd8 13. Rac1 Rb8 14. Rfd1 b6 15.
d5 Na5 16. Qc2 Ne8 17. e4 exd5 18. cxd5 Bg4 19. e5 Qd7 20. Qe4 Bh5 21. Rd2 Qg4
22. Ne1 Qxe4 23. Bxe4 f6 24. Nd3 fxe5 25. Nxe5 Nd6 26. Bg2 Bf6 27. f4 Nf7 28.
Re1 b5 29. Rf2 Re8 30. Bh3 Nd6 31. Be6+ Bf7 32. Nxf7 Nxf7 33. Bxf6 gxf6 34. Nc2
Kf8 35. Ne3 Nd6 36. g4 Re7 37. h4 h6 38. Rg2 Rg7 39. Rc1 c4 40. Rf1 Ke7 41. Nc2
b4 42. Nd4 Kf8 43. g5 hxg5 44. fxg5 b3 45. axb3 cxb3 46. Rxf6+ Ke7 47. Re2 Kd8
48. Bg4 Re7 49. Rxd6+ 1-0

[Event "Tradewise Gibraltar Chess Festival 2013"]
[Site "Gibraltar ENG"]
[Date "2013.01.28"]
[Round "7.95"]
[White "Lyell, Mark"]
[Black "Baeza Escudero, Javier"]
[Result "1-0"]
[WhiteElo "2235"]
[BlackElo "2009"]
[PlyCount "67"]
[EventDate "2013.01.22"]
[EventType "swiss"]
[EventRounds "10"]
[EventCountry "ENG"]
[Source "lmi"]
[SourceDate "2013.01.22"]

1. e4 e5 2. Nf3 Nc6 3. Bc4 Be7 4. d4 d6 5. O-O Nf6 6. d5 Nb8 7. Nc3 Nbd7 8. Be3
Nf8 9. Qd3 Ng6 10. Rae1 O-O 11. Ne2 Nxe4 12. Qxe4 f5 13. Qd3 e4 14. Qb3 exf3
15. Nf4 fxg2 16. Kxg2 Nxf4+ 17. Bxf4 g5 18. Bd2 f4 19. Kh1 Bf5 20. Rg1 Bg6 21.
Bd3 Bf6 22. Bxg6 hxg6 23. Qd3 Rf7 24. Re6 Rg7 25. h4 Kf7 26. hxg5 Qh8+ 27. Kg2
Bxg5 28. Bc3 Rf8 29. Rh1 Bh6 30. Rf6+ Kg8 31. Qh3 Rxf6 32. Bxf6 f3+ 33. Kf1 Kf7
34. Qe6+ 1-0

[Event "Tradewise Gibraltar Chess Festival 2013"]
[Site "Gibraltar ENG"]
[Date "2013.01.28"]
[Round "7.96"]
[White "O`toole, George E"]
[Black "Campos Calvo-Sotelo, Juan"]
[Result "1-0"]
[WhiteElo "2204"]
[BlackElo "1978"]
[PlyCount "57"]
[EventDate "2013.01.22"]
[EventType "swiss"]
[EventRounds "10"]
[EventCountry "ENG"]
[Source "lmi"]
[SourceDate "2013.01.22"]

1. e4 e6 2. d4 a6 3. Nf3 b5 4. Bd3 c5 5. c3 Bb7 6. O-O Nf6 7. Re1 Be7 8. a3 Qb6
9. b4 cxd4 10. cxd4 d6 11. Bb2 Nbd7 12. Nc3 O-O 13. Qb3 Ne8 14. d5 e5 15. a4
bxa4 16. Nxa4 Qd8 17. b5 axb5 18. Bxb5 Rb8 19. Qd3 Nc7 20. Bc4 Bc8 21. Bc3 f5
22. exf5 Nb6 23. Nxb6 Rxb6 24. Nxe5 Bxf5 25. Qe3 Bf6 26. Qxb6 Kh8 27. Nc6 Qc8
28. Bxf6 gxf6 29. Ne7 1-0

[Event "Tradewise Gibraltar Chess Festival 2013"]
[Site "Gibraltar ENG"]
[Date "2013.01.28"]
[Round "7.97"]
[White "Sielicki, Tomasz"]
[Black "Herbold, Manfred"]
[Result "1/2-1/2"]
[WhiteElo "1969"]
[BlackElo "2164"]
[PlyCount "74"]
[EventDate "2013.01.22"]
[EventType "swiss"]
[EventRounds "10"]
[EventCountry "ENG"]
[Source "lmi"]
[SourceDate "2013.01.22"]

1. d4 e6 2. Nf3 Nf6 3. Bg5 h6 4. Bh4 d6 5. Nbd2 g5 6. Bg3 Bg7 7. c3 Nbd7 8. e4
Qe7 9. h3 O-O 10. Bd3 Nh5 11. Bh2 f5 12. Qe2 fxe4 13. Nxe4 Nf4 14. Bxf4 Rxf4
15. O-O-O Rf8 16. Ng3 Nf6 17. Rde1 Qf7 18. Qc2 c6 19. Bg6 Qc7 20. h4 g4 21. Ng5
Qa5 22. Nh7 Nxh7 23. Bxh7+ Kh8 24. Kb1 e5 25. dxe5 Be6 26. b4 Qxa2+ 27. Qxa2
Bxa2+ 28. Kxa2 Kxh7 29. exd6 a5 30. bxa5 Rxa5+ 31. Kb3 Rxf2 32. Ne4 Rb5+ 33.
Kc4 Rf4 34. Rhf1 Rxf1 35. Rxf1 Rd5 36. Nf6+ Bxf6 37. Rxf6 Kg7 1/2-1/2

[Event "Tradewise Gibraltar Chess Festival 2013"]
[Site "Gibraltar ENG"]
[Date "2013.01.28"]
[Round "7.98"]
[White "Othman, Mustapha"]
[Black "Byrn, Carsten"]
[Result "1/2-1/2"]
[WhiteElo "1878"]
[BlackElo "2114"]
[PlyCount "124"]
[EventDate "2013.01.22"]
[EventType "swiss"]
[EventRounds "10"]
[EventCountry "ENG"]
[Source "lmi"]
[SourceDate "2013.01.22"]

1. e4 c5 2. Nf3 Nc6 3. d4 cxd4 4. Nxd4 Nf6 5. Nc3 d6 6. Bc4 e6 7. O-O Be7 8.
Kh1 O-O 9. Bb3 a6 10. f4 Nxd4 11. Qxd4 b5 12. Be3 Bb7 13. Rad1 Bc6 14. a3 Qb8
15. f5 e5 16. Qd3 b4 17. axb4 Qxb4 18. Bg5 Bb5 19. Nxb5 Qxb5 20. Qxb5 axb5 21.
Bxf6 Bxf6 22. Rxd6 Rfd8 23. Rxd8+ Rxd8 24. Bd5 b4 25. Ra1 Kf8 26. Ra7 Be7 27.
Rc7 Rb8 28. Kg1 f6 29. Kf1 Ke8 30. Ke2 Kd8 31. Ra7 Rc8 32. Kd3 Rc7 33. Ra8+ Rc8
34. Ra7 Rc7 35. Ra8+ Rc8 36. Ra6 Rc7 37. Be6 Bc5 38. c3 bxc3 39. bxc3 Ra7 40.
Rc6 Rc7 41. Rxc7 Kxc7 42. Kc4 Kd6 43. g4 h6 44. Kb5 Be3 45. Kc4 Ba7 46. Bc8 Be3
47. Ba6 Ba7 48. Bc8 Be3 49. Ba6 Bg1 50. h3 Bf2 51. Bb5 Bg1 52. Ba4 Bf2 53. Kb5
Be3 54. Bd1 Bf2 55. Bf3 Be3 56. Bh1 Bf2 57. Kc4 Ba7 58. Bg2 Bf2 59. Kd3 Bc5 60.
Ke2 Ba3 61. h4 Bb2 62. Kd2 Ba3 1/2-1/2

[Event "Tradewise Gibraltar Chess Festival 2013"]
[Site "Gibraltar ENG"]
[Date "2013.01.28"]
[Round "7.99"]
[White "Samu, Sorin-Mihai"]
[Black "Nwachukwu, Chino"]
[Result "0-1"]
[WhiteElo "2095"]
[BlackElo "1962"]
[PlyCount "136"]
[EventDate "2013.01.22"]
[EventType "swiss"]
[EventRounds "10"]
[EventCountry "ENG"]
[Source "lmi"]
[SourceDate "2013.01.22"]

1. e4 c5 2. Nf3 d6 3. d4 cxd4 4. Nxd4 Nf6 5. Nc3 a6 6. a4 e6 7. Be3 Be7 8. Be2
O-O 9. O-O Nbd7 10. Bc4 Ne5 11. Be2 Qc7 12. Qd2 Nc4 13. Bxc4 Qxc4 14. f3 b6 15.
Qd3 Qc7 16. Rfd1 Bb7 17. Nb3 d5 18. exd5 Nxd5 19. Nxd5 Bxd5 20. a5 b5 21. Bb6
Qc6 22. Nd4 Qb7 23. b3 Rac8 24. Ra2 Bb4 25. Ne2 Bc5+ 26. Bxc5 Rxc5 27. Nf4 h6
28. Nh5 Bxf3 29. Qxf3 Qxf3 30. gxf3 Rxh5 31. Rd6 Ra8 32. b4 Kf8 33. c3 Rd5 34.
Rc6 Ke7 35. Kf2 Ra7 36. Ke3 Rd6 37. Rc8 Kd7 38. Rg8 g6 39. Rc2 Rc7 40. Rf8 Ke7
41. Rb8 Kf6 42. h4 h5 43. Rb6 Rxb6 44. axb6 Rb7 45. Kd4 Rxb6 46. Kc5 Rb8 47.
Kc6 Rd8 48. Ra2 Rc8+ 49. Kb6 Rxc3 50. Kxa6 Rxf3 51. Kxb5 Rf4 52. Rh2 Rf1 53.
Kc6 Rc1+ 54. Kb6 e5 55. b5 Rb1 56. Kc6 Ke6 57. b6 f5 58. b7 e4 59. Rg2 Kf6 60.
Kc7 f4 61. Rc2 Kf5 62. Kc6 Kg4 63. Rc5 Rxb7 64. Kxb7 Kxh4 65. Kc6 f3 66. Kd5 f2
67. Rc1 e3 68. Ke4 e2 0-1

[Event "Tradewise Gibraltar Chess Festival 2013"]
[Site "Gibraltar ENG"]
[Date "2013.01.28"]
[Round "7.100"]
[White "Havik, Victor"]
[Black "Dimitrijevic, Dragan"]
[Result "0-1"]
[WhiteElo "2094"]
[BlackElo "1896"]
[PlyCount "92"]
[EventDate "2013.01.22"]
[EventType "swiss"]
[EventRounds "10"]
[EventCountry "ENG"]
[Source "lmi"]
[SourceDate "2013.01.22"]

1. d4 Nf6 2. c4 c5 3. Nf3 g6 4. Nc3 Bg7 5. e4 cxd4 6. Nxd4 Nc6 7. Be3 d6 8. Be2
O-O 9. O-O Bd7 10. Qd2 Nxd4 11. Bxd4 Bc6 12. f3 a5 13. Rfd1 Nd7 14. Be3 Nc5 15.
b3 Qb6 16. Rab1 Qb4 17. Rdc1 Rfc8 18. Nd1 Qa3 19. Nc3 Ne6 20. Nd5 Bxd5 21. exd5
Nc5 22. Bg5 Rc7 23. Rc2 Na6 24. Qc1 Qxc1+ 25. Rcxc1 Bd4+ 26. Kf1 Bc5 27. a4 Kg7
28. Bd2 Bb4 29. Bc3+ Kf8 30. Bd3 Bxc3 31. Rxc3 Nb4 32. Be4 f5 33. Bc2 Nxd5 34.
Rd3 Nb4 35. Rd2 Rc5 36. Rbd1 Rac8 37. Bb1 Kf7 38. f4 Kf6 39. h4 R8c7 40. Bd3 h5
41. Be2 R7c6 42. Bf3 Rb6 43. Re1 Rc7 44. g3 Na6 45. Bd5 Nc5 46. Rb2 e6 0-1

[Event "Tradewise Gibraltar Chess Festival 2013"]
[Site "Gibraltar ENG"]
[Date "2013.01.28"]
[Round "7.102"]
[White "Tuchtfeld, Juergen"]
[Black "Agbabishvili, Lali"]
[Result "0-1"]
[WhiteElo "2051"]
[BlackElo "1954"]
[PlyCount "82"]
[EventDate "2013.01.22"]
[EventType "swiss"]
[EventRounds "10"]
[EventCountry "ENG"]
[Source "lmi"]
[SourceDate "2013.01.22"]

1. c4 e5 2. g3 Nf6 3. Bg2 d5 4. cxd5 Nxd5 5. Nc3 Nb6 6. Nf3 Nc6 7. d3 Be7 8.
O-O O-O 9. Be3 Be6 10. Qd2 Nd5 11. Bg5 f6 12. Nxd5 Bxd5 13. e4 Bxe4 14. dxe4
fxg5 15. Qe3 g4 16. Rfd1 Qc8 17. Qb3+ Kh8 18. Ne1 Bc5 19. Nd3 Bd4 20. Rd2 Nd8
21. Rc1 Nf7 22. Nb4 c6 23. Nc2 Bb6 24. Rcd1 Ng5 25. Qc4 Qe6 26. Qxe6 Nxe6 27.
h3 gxh3 28. Bxh3 Nd4 29. Ne1 Ba5 30. Kg2 Bxd2 31. Rxd2 Rad8 32. Rd3 g6 33. Ra3
Nb5 34. Rb3 Rd4 35. Nf3 Rxe4 36. Ng5 Re2 37. a4 Rfxf2+ 38. Kg1 Nd6 39. Rd3 Nf7
40. Ne6 Rd2 41. Rb3 Rxb2 0-1

[Event "Tradewise Gibraltar Chess Festival 2013"]
[Site "Gibraltar ENG"]
[Date "2013.01.28"]
[Round "7.103"]
[White "Guerrero Romero, Antonio"]
[Black "Stewart, Ashley"]
[Result "1/2-1/2"]
[WhiteElo "1862"]
[BlackElo "2040"]
[PlyCount "111"]
[EventDate "2013.01.22"]
[EventType "swiss"]
[EventRounds "10"]
[EventCountry "ENG"]
[Source "lmi"]
[SourceDate "2013.01.22"]

1. d4 g6 2. c4 Nf6 3. g3 Bg7 4. Bg2 d5 5. Nc3 dxc4 6. Qa4+ Nfd7 7. Nf3 O-O 8.
Qxc4 Nb6 9. Qd3 Nc6 10. O-O Be6 11. a3 Bc4 12. Qc2 Ba6 13. Rd1 Qc8 14. e4 e5
15. d5 Nd4 16. Nxd4 exd4 17. Na2 Bb5 18. Rb1 a5 19. Bf4 c6 20. d6 Qe6 21. Nc1
Be5 22. Bxe5 Qxe5 23. Nd3 Qxd6 24. Qc5 Nc8 25. Qg5 f6 26. Qh6 Bxd3 27. Rxd3 c5
28. h4 Ne7 29. Rc1 Rad8 30. Qd2 b6 31. f4 Qe6 32. b4 axb4 33. axb4 Rc8 34. Kh2
Rc7 35. Rxd4 cxd4 36. Rxc7 Qd6 37. Rc4 Rd8 38. Bf1 Kg7 39. Bd3 Rc8 40. Qc2 Rxc4
41. Qxc4 Nc6 42. b5 Nb4 43. e5 fxe5 44. fxe5 Qe7 45. Qxd4 Nxd3 46. Qxd3 Qxe5
47. Qd7+ Kh6 48. Qd2+ Kg7 49. Qd7+ Kh6 50. Qd2+ g5 51. hxg5+ Qxg5 52. Qd6+ Qg6
53. Qf4+ Kg7 54. Qc7+ Kh6 55. Qf4+ Qg5 56. Qd6+ 1/2-1/2

[Event "Tradewise Gibraltar Chess Festival 2013"]
[Site "Gibraltar ENG"]
[Date "2013.01.28"]
[Round "7.104"]
[White "Hamer, Martyn"]
[Black "George, Lolomari Erekosima"]
[Result "1-0"]
[WhiteElo "2025"]
[BlackElo "1869"]
[PlyCount "81"]
[EventDate "2013.01.22"]
[EventType "swiss"]
[EventRounds "10"]
[EventCountry "ENG"]
[Source "lmi"]
[SourceDate "2013.01.22"]

1. Nf3 Nf6 2. c4 g6 3. g3 Bg7 4. Bg2 O-O 5. O-O d6 6. d4 Nc6 7. Nc3 a6 8. Bf4
Rb8 9. Rc1 Bg4 10. Qd2 Bxf3 11. exf3 Nd7 12. Be3 e5 13. d5 Nd4 14. Bxd4 exd4
15. Ne2 c5 16. dxc6 bxc6 17. Nxd4 Qf6 18. Rfd1 c5 19. Nb3 Qxb2 20. Rc2 Qf6 21.
Qxd6 Qf5 22. Rcc1 Rfd8 23. Qxa6 Bb2 24. Rb1 Ra8 25. Qc6 Rxa2 26. g4 Qc2 27. f4
Bd4 28. Nxd4 Qxf2+ 29. Kh1 cxd4 30. Rf1 Qe2 31. Qd5 Re8 32. Rb7 Re7 33. g5 Rd2
34. c5 Nf8 35. Rxe7 Qxe7 36. f5 gxf5 37. Qxf5 Ne6 38. Be4 Nxg5 39. Rg1 h6 40.
Qh7+ Kf8 41. Qh8# 1-0

[Event "Tradewise Gibraltar Chess Festival 2013"]
[Site "Gibraltar ENG"]
[Date "2013.01.28"]
[Round "7.106"]
[White "Hutton, Jack"]
[Black "Whatley, Stephen A J"]
[Result "1-0"]
[WhiteElo "2017"]
[BlackElo "1717"]
[PlyCount "69"]
[EventDate "2013.01.22"]
[EventType "swiss"]
[EventRounds "10"]
[EventCountry "ENG"]
[Source "lmi"]
[SourceDate "2013.01.22"]

1. e4 c5 2. Nc3 Nc6 3. f4 g6 4. Nf3 Bg7 5. Bb5 Nd4 6. Bd3 e6 7. Nxd4 cxd4 8.
Nb5 d6 9. c3 e5 10. Qa4 Kf8 11. fxe5 Bxe5 12. cxd4 Qh4+ 13. Kd1 Qg4+ 14. Kc2
Bd7 15. dxe5 Rc8+ 16. Kb1 a6 17. Qd4 Bxb5 18. exd6 Nf6 19. Bxb5 axb5 20. Re1
Qe6 21. b3 Rc6 22. e5 Qf5+ 23. d3 Nd5 24. Bh6+ Ke8 25. Qxd5 Qe6 26. Qxe6+ fxe6
27. Bg7 Rg8 28. Bf6 Rc3 29. Kb2 Rc6 30. Rac1 Kd7 31. Rxc6 bxc6 32. Be7 Rg7 33.
Rf1 c5 34. Rf8 Kc6 35. Rc8+ 1-0

[Event "Tradewise Gibraltar Chess Festival 2013"]
[Site "Gibraltar ENG"]
[Date "2013.01.28"]
[Round "7.107"]
[White "Wilson, Matthew R"]
[Black "Freuler, Roman"]
[Result "0-1"]
[WhiteElo "1827"]
[BlackElo "2098"]
[PlyCount "58"]
[EventDate "2013.01.22"]
[EventType "swiss"]
[EventRounds "10"]
[EventCountry "ENG"]
[Source "lmi"]
[SourceDate "2013.01.22"]

1. Nf3 Nf6 2. g3 g6 3. c4 Bg7 4. Nc3 d6 5. d3 e5 6. Bg2 O-O 7. O-O Nc6 8. Rb1
h6 9. b4 Be6 10. b5 Ne7 11. Ne1 Qc8 12. Nc2 Bh3 13. e4 Bxg2 14. Kxg2 Nh7 15.
Ne3 Qd7 16. Qb3 Ng5 17. f3 Kh7 18. Ncd5 Nxd5 19. Nxd5 Ne6 20. Be3 f5 21. Bf2
Rf7 22. a4 Raf8 23. Bxa7 fxe4 24. fxe4 Ng5 25. Ne3 Qh3+ 26. Kg1 Nf3+ 27. Rxf3
Rxf3 28. Ng2 b6 29. a5 Rf2 0-1

[Event "Tradewise Gibraltar Chess Festival 2013"]
[Site "Gibraltar ENG"]
[Date "2013.01.28"]
[Round "7.108"]
[White "Savage, Neil"]
[Black "Rios Gonzalez, Jose Antonio"]
[Result "1/2-1/2"]
[WhiteElo "1620"]
[BlackElo "1990"]
[PlyCount "59"]
[EventDate "2013.01.22"]
[EventType "swiss"]
[EventRounds "10"]
[EventCountry "ENG"]
[Source "lmi"]
[SourceDate "2013.01.22"]

1. e4 e5 2. Nf3 Nc6 3. Bb5 a6 4. Ba4 Nf6 5. d3 d6 6. c3 g6 7. Nbd2 Bg7 8. Nf1
b5 9. Bc2 Bb7 10. Ng3 h6 11. O-O O-O 12. d4 Qe7 13. Re1 Rad8 14. Qe2 Nb8 15. a4
c6 16. h3 Rfe8 17. Be3 Qc7 18. Qd2 Kh7 19. axb5 axb5 20. Ra7 Nbd7 21. Qd3 Ra8
22. Rea1 Rxa7 23. Rxa7 Ra8 24. Rxa8 Bxa8 25. dxe5 dxe5 26. Bb3 Nb8 27. Bc5 Ne8
28. Be3 f6 29. Bc5 Bb7 30. Be6 1/2-1/2

[Event "Tradewise Gibraltar Chess Festival 2013"]
[Site "Gibraltar ENG"]
[Date "2013.01.28"]
[Round "7.109"]
[White "Chidi, Lovinia Sylvia"]
[Black "Cebada Benitez, Fernando"]
[Result "1-0"]
[WhiteElo "1820"]
[BlackElo "1958"]
[PlyCount "79"]
[EventDate "2013.01.22"]
[EventType "swiss"]
[EventRounds "10"]
[EventCountry "ENG"]
[Source "lmi"]
[SourceDate "2013.01.22"]

1. e4 c5 2. Nf3 e6 3. d4 cxd4 4. Nxd4 a6 5. Be2 Qc7 6. O-O Nf6 7. Bd3 Be7 8. c3
O-O 9. h3 Nc6 10. Be3 d5 11. Nd2 Ne5 12. Bc2 b5 13. f4 Nc4 14. Nxc4 bxc4 15. e5
Ne4 16. Qf3 Nc5 17. Qe2 f5 18. Qf2 Rb8 19. Rab1 Bd7 20. Kh1 Qa5 21. a3 Rb7 22.
g4 g6 23. gxf5 exf5 24. Rg1 Qc7 25. Qf3 Ne4 26. Qh5 Rf7 27. e6 Rg7 28. Qh6 Bc6
29. Bxe4 dxe4 30. Nxf5 Bf8 31. Nxg7 Bxg7 32. Qg5 Rb5 33. Qh4 Rd5 34. Rbd1 Rd3
35. Rde1 Rd6 36. f5 Be8 37. f6 Rxe6 38. fxg7 Kxg7 39. Qh6+ Kg8 40. Ref1 1-0

[Event "Tradewise Gibraltar Chess Festival 2013"]
[Site "Gibraltar ENG"]
[Date "2013.01.28"]
[Round "7.110"]
[White "Georgieva, Emilia"]
[Black "Reid, Vaness"]
[Result "0-1"]
[WhiteElo "1949"]
[BlackElo "1844"]
[PlyCount "120"]
[EventDate "2013.01.22"]
[EventType "swiss"]
[EventRounds "10"]
[EventCountry "ENG"]
[Source "lmi"]
[SourceDate "2013.01.22"]

1. d4 d5 2. Nf3 Nf6 3. c3 c5 4. e3 cxd4 5. exd4 Nc6 6. Bg5 Ne4 7. Bf4 a6 8.
Nbd2 Bf5 9. Nxe4 Bxe4 10. Bd3 Bxd3 11. Qxd3 e6 12. O-O Be7 13. Rae1 O-O 14. h3
Re8 15. Re3 Bf6 16. Rfe1 b5 17. b4 Rc8 18. a3 Qd7 19. g4 Be7 20. Kh1 Bd6 21.
Ne5 Nxe5 22. dxe5 Rc4 23. Bg3 Bb8 24. f4 Qc6 25. Kh2 Rc8 26. f5 Ba7 27. R3e2
Rxc3 28. Qd2 Rxa3 29. f6 Qc3 30. Qxc3 Rcxc3 31. Rg2 g6 32. Rb1 Kf8 33. g5 Rc4
34. h4 Be3 35. Kh1 h5 36. gxh6 Bxh6 37. h5 g5 38. Kg1 Ke8 39. Bf2 d4 40. Rd1
Ra2 41. Bxd4 Rxg2+ 42. Kxg2 Kd7 43. Bb6+ Kc6 44. Rd6+ Kb7 45. Ba5 Rg4+ 46. Kf3
Rf4+ 47. Ke2 Re4+ 48. Kd3 Rxe5 49. Rd7+ Kc6 50. Rxf7 Rd5+ 51. Ke4 Rd7 52. Rxd7
Kxd7 53. Ke5 g4 54. Bb6 g3 55. Ke4 Ke8 56. Kf3 Kf7 57. Bd4 Bd2 58. Kxg3 Bxb4
59. Kf4 Bd2+ 60. Kg4 a5 0-1

[Event "Tradewise Gibraltar Chess Festival 2013"]
[Site "Gibraltar ENG"]
[Date "2013.01.28"]
[Round "7.112"]
[White "Viana, Eduardo Escudeiro"]
[Black "Boesch, Heinz"]
[Result "0-1"]
[WhiteElo "1600"]
[BlackElo "1904"]
[PlyCount "86"]
[EventDate "2013.01.22"]
[EventType "swiss"]
[EventRounds "10"]
[EventCountry "ENG"]
[Source "lmi"]
[SourceDate "2013.01.22"]

1. d4 d5 2. Nf3 e6 3. c4 c5 4. g3 Nf6 5. Bg2 Nc6 6. cxd5 exd5 7. O-O Be7 8. h3
O-O 9. Nc3 Bf5 10. Nh4 Be6 11. Nf3 h6 12. Be3 c4 13. Ne5 Bb4 14. Rc1 Re8 15.
Qa4 Bxc3 16. bxc3 Qa5 17. Qc2 Nxe5 18. dxe5 Ne4 19. Bxe4 dxe4 20. Qxe4 Bxh3 21.
Rfd1 Rxe5 22. Qxc4 Rae8 23. Rd4 Rc5 24. Qd3 Bf5 25. Qd2 Rec8 26. Bxh6 gxh6 27.
Qxh6 Bg6 28. Rcd1 Rh5 29. Qf4 Qe5 30. Qg4 Re8 31. R1d2 Qf5 32. Qxf5 Rxf5 33.
Rd7 Rb5 34. c4 Rb1+ 35. Kh2 Kf8 36. g4 Re4 37. R7d4 Rxd4 38. Rxd4 Rb2 39. f4
Rxe2+ 40. Kg3 Be4 41. c5 Bc6 42. f5 Rxa2 43. Kf4 Ra4 0-1

[Event "Tradewise Gibraltar Chess Festival 2013"]
[Site "Gibraltar ENG"]
[Date "2013.01.28"]
[Round "7.113"]
[White "Kazmierczak, Ewa"]
[Black "Skrabakova, Katarina"]
[Result "0-1"]
[WhiteElo "1512"]
[BlackElo "1991"]
[PlyCount "64"]
[EventDate "2013.01.22"]
[EventType "swiss"]
[EventRounds "10"]
[EventCountry "ENG"]
[Source "lmi"]
[SourceDate "2013.01.22"]

1. e4 c5 2. Nf3 d6 3. d4 cxd4 4. Nxd4 Nf6 5. f3 a6 6. c4 g6 7. Nc3 Bg7 8. Rb1
O-O 9. Be3 Bd7 10. Be2 Nc6 11. O-O Rc8 12. Qd2 Qc7 13. Nd5 Nxd5 14. exd5 Ne5
15. b3 Rfd8 16. Bg5 Re8 17. Qd1 f5 18. f4 Ng4 19. Bxg4 Qc5 20. Kh1 Bxd4 21. Bf3
b5 22. cxb5 Bxb5 23. Rc1 Qa7 24. Rxc8 Rxc8 25. Re1 Be3 26. Qb1 Rc7 27. h3 Bd2
28. Rg1 Qe3 29. Qa1 Rc1 30. Rxc1 Bxc1 31. Bh6 Qe1+ 32. Kh2 Bxf4+ 0-1